| 000 | 00530nam a22001337a 4500 | ||
|---|---|---|---|
| 040 | _cNUST | ||
| 082 | _a220 PRO | ||
| 100 |
_aNS Zubair Mehmood NS Muhammad Aamir Hafeez NS Muhammad Zubair Ali NS Ahmad Raza _9130895 |
||
| 110 |
_aSUPERVISOR Dr. Mahrukh Liaqat Dr. Taosif Iqbal _9130896 |
||
| 245 | _aPR-SOF-2556-DESIGN OF A DIGITAL CONTROLLER FOR A BRUSHLESS DC MOTOR TO CONVERT A CONVENTIONAL CAR INTO A HYBRID VEHICLE | ||
| 260 |
_aISLAMABAD: _bNUST COLLEGE OF EME, _c2025. |
||
| 650 |
_aDE-ELECT-43 _9130873 |
||
| 942 |
_2ddc _cPR |
||
| 999 |
_c615048 _d615048 |
||